German regulations on industrial products

Đã lưu trong:
Bibliografiske detaljer
Hovedforfatter: Blumenroder, Ulrich
Format: Bog
Sprog:Undetermined
Udgivet: Weinheim, Germany Wiley-VCH 1997
Fag:
Tags: Tilføj Tag
Ingen Tags, Vær først til at tagge denne postø!
Thư viện lưu trữ: Trung tâm Học liệu Trường Đại học Cần Thơ
LEADER 00573nam a2200205Ia 4500
001 CTU_27180
008 210402s9999 xx 000 0 und d
020 |c 237.16 
082 |a 348.02 
082 |b B658 
100 |a Blumenroder, Ulrich 
245 0 |a German regulations on industrial products 
245 0 |c Ulrich Blumenroder 
260 |a Weinheim, Germany 
260 |b Wiley-VCH 
260 |c 1997 
650 |a Industrial laws and legislation,Law 
650 |z Germany 
904 |i Minh, Giang sửa 
980 |a Trung tâm Học liệu Trường Đại học Cần Thơ